000 00286nam a2200121Ia 4500
008 191201s2001 xx 000 0 und d
100 _aSALONER, Garth
245 0 _aStrategic Management
260 _aN. Delhi
_bJohn Wiley & Sons
_c2001
300 _a442
650 _aMBA
942 _2ddc
_cBK
999 _c152
_d152